000
00315nam a22001457a 4500
008
210512b ||||| |||| 00| 0 eng d
020
_a
9780131101517
041
_a
eng
080
_a
159.9
082
_a
159.9
100
_a
48
101
_a
PSI
245
_a
Exploring your Role
_c
Jalongo,M.R
942
_2
udc
_c
BK
999
_c
57290
_d
57290